书目信息 |
| 题名: |
泥沙研究进展
|
|
| 作者: | 王光谦 , 胡春宏 主编 | |
| 分册: | ||
| 出版信息: | 北京 中国水利水电出版社 2006.12 |
|
| 页数: | 707页 | |
| 开本: | 26cm | |
| 丛书名: | ||
| 单 册: | ||
| 中图分类: | TV14 | |
| 科图分类: | ||
| 主题词: | 泥沙--ni sha--研究--中国 | |
| 电子资源: | ||
| ISBN: | 7-5084-4182-6 | |
| 000 | 00809nam0 2200241 450 | |
| 001 | 012007473415 | |
| 005 | 20071204102506.12 | |
| 010 | @a7-5084-4182-6@dCNY98.00 | |
| 100 | @a20071204d2006 km y0chi0120 ea | |
| 101 | 0 | @achi |
| 102 | @aCN@b110000 | |
| 105 | @aack z 000yy | |
| 106 | @ar | |
| 200 | 1 | @a泥沙研究进展@Ani sha yan jiu jin zhan@f王光谦, 胡春宏主编@Fwang guang qian,hu chun hong zhu bian |
| 210 | @a北京@c中国水利水电出版社@d2006.12 | |
| 215 | @a707页@c图, 肖像@d26cm | |
| 330 | @a本书主要介绍了挟沙水流基本特性、水流输沙能力、泥沙实体模型试验、水流泥沙数学模型研究等内容。 | |
| 606 | 0 | @a泥沙@Ani sha@x研究@y中国 |
| 690 | @aTV14@v4 | |
| 701 | 0 | @a王光谦@Awang guang qian@4主编 |
| 701 | 0 | @a胡春宏@Ahu chun hong@4主编 |
| 801 | 0 | @aCN@bQSSK@c20071204 |
| 905 | @b270067-69@dTV14@eW195@f3 | |
| 泥沙研究进展/王光谦, 胡春宏主编.-北京:中国水利水电出版社,2006.12 |
| 707页:图, 肖像;26cm |
| ISBN 7-5084-4182-6:CNY98.00 |
| 本书主要介绍了挟沙水流基本特性、水流输沙能力、泥沙实体模型试验、水流泥沙数学模型研究等内容。 |
| ● |
| 相关链接 |
|
|
|
正题名:泥沙研究进展
索取号:TV14/W195
 
预约/预借
| 序号 | 登录号 | 条形码 | 馆藏地/架位号 | 状态 | 备注 |
| 1 | 270067 | 202700675 | 自科库501/501自科库 47排5列3层/ [索取号:TV14/W195] | 在馆 | |
| 2 | 270068 | 202700684 | 期刊室512/501自科库 47排5列3层/ [索取号:TV14/W195] | 在馆 | |
| 3 | 270069 | 202700693 | 市政与环境工程学院资料室/501自科库 47排5列3层/ [索取号:TV14/W195] | 在馆 |